000 00355nam a2200145 i 4500
001 bg
100 1 _aMYRCZEK, J.
245 0 _aZastosowanie techniki komputerowej w chemii /
_cJ.Myrczek,Z.Staszak.
260 _aWrocław,
_c1988.
700 1 _aSTASZAK, Z.
040 _cBPK
041 _apol
942 _cKS
008 s pl f |000 0 pol
999 _c28744
_d28744
856 _uhttp://koha.tu.koszalin.pl/cgi-bin/koha/opac-detail.pl?biblionumber=28744
_yKatalog online BPK